书目信息 |
| 题名: |
中日文化交流史论文集
|
|
| 作者: | ;北京市中日文化交流史研究会 编 | |
| 分册: | ||
| 出版信息: | 北京 人民出版社 1982 |
|
| 页数: | 476页 | |
| 开本: | 21cm | |
| 丛书名: | ||
| 单 册: | ||
| 中图分类: | K03 | |
| 科图分类: | ||
| 主题词: | 史学--专题研究 | |
| 电子资源: | ||
| ISBN: | ||
| 000 | 00707nam0 2200241 45 | |
| 001 | 0182007659 | |
| 005 | 20040508160002.6 | |
| 010 | @dCNY1.60 | |
| 091 | @a11001.497 | |
| 100 | @a19950612d1982 em y0chiy0121 ea | |
| 101 | 0 | @achi |
| 102 | @aCN@b110000 | |
| 105 | @ay z 000yy | |
| 106 | @ar | |
| 200 | 10 | @a中日文化交流史论文集@Azhong ri wen hua jiao liu shi lun wen ji@f北京市中日文化交流史研究会编 |
| 210 | @a北京@c人民出版社@d1982 | |
| 215 | @a476页@d21cm | |
| 606 | 0 | @a史学@x专题研究 |
| 690 | @aK03@v3 | |
| 711 | 02 | @a北京市中日文化交流史研究会@Abei jing shi zhong ri wen hua jiao liu shiyan jiu hui@4编 |
| 801 | 0 | @aCN@b上海图书馆@c20031215 |
| 801 | 2 | @aCN@bNLC@c20031215 |
| 905 | @dK03@e16 | |
| 中日文化交流史论文集/北京市中日文化交流史研究会编.-北京:人民出版社,1982 |
| 476页;21cm |
| ISBN :CNY1.60 |
| ● |
| 相关链接 |
|
|
|
|
正题名:中日文化交流史论文集
索取号:K03/16
 
预约/预借
| 序号 | 登录号 | 条形码 | 馆藏地/架位号 | 状态 | 备注 |
| 1 | 0085329 | 001419389 | 密集书库/ [索取号:K03/16] | 在馆 | |
| 2 | 0085330 | 001535299 | 密集书库/ [索取号:K03/16] | 在馆 | |
| 3 | 0085331 | 001664112 | 密集书库/ [索取号:K03/16] | 在馆 | |
| 4 | 0085332 | 001664103 | 密集书库/ [索取号:K03/16] | 在馆 | |
| 5 | 0085333 | 001419423 | 第二样本阅览室/ [索取号:K03/16] | 在馆 |